| 000 | 00752nam a2200253 4500 | ||
|---|---|---|---|
| 003 | OSt | ||
| 005 | 20260601171003.0 | ||
| 008 | 260420b1986\\\\mx\a||||\||||\00|\0\spa\d | ||
| 020 | _a9687180218 | ||
| 040 |
_aICI _bSPA _cICI |
||
| 050 |
_aNK1452 _b I83 |
||
| 100 | 1 |
_aRoberto Littman _931769 |
|
| 245 | 0 |
_a Italia diseno 1946 _c1986 Museo Rufino Tamayo, mayo-julio 1986 |
|
| 264 |
_bMuseo Rufino Tamayo _c1986 _aMéxico |
||
| 300 | _a160 páginas | ||
| 336 |
_atexto _2rdacontent |
||
| 337 |
_asin medio _2rdamedia |
||
| 338 |
_avolumen _2rdacarrier |
||
| 650 |
_aDiseño _x Exposiciones _zItalia _931770 |
||
| 700 |
_aKimura, Akira _929152 |
||
| 700 |
_a Klier, Hans Von _931771 |
||
| 710 |
_a Museo Rufino Tamayo (México) _931772 |
||
| 942 |
_2ddc _cB |
||
| 999 |
_c20163 _d20163 |
||